000 00440nam a2200193Ia 4500
003 0100
008 130227s9999 xx 000 0 und d
040 _cARRUPELIB
050 _aB3313.A43E5
100 _aNietzsche, Friedrich W.
245 _aThus spake Zarathustra
260 _aNew York
260 _bJ.M. Dent & Sons
260 _C0000
300 _a288p.
300 _b 23 cm
650 _bBuddha & Buddhism
942 _2lcc
_04
999 _c2621
_d2621